Economic offences : (Record no. 79350)

MARC details
000 -LEADER
fixed length control field 00646nam a22001937a 4500
005 - DATE AND TIME OF LATEST TRANSACTION
control field 20140214152407.0
010 ## - LCCN (DPL NO)
LC control number ENG-108531
020 ## - INTERNATIONAL STANDARD BOOK NUMBER
International Standard Book Number 9780198090328
Terms of availability 495.00
035 ## - SYSTEM CONTROL NUMBER
System control number EN-92064
037 ## - SOURCE OF ACQUISITION
Source of stock number/acquisition DBAD/PUB
082 ## - DEWEY DECIMAL CLASSIFICATION NUMBER
Classification number 330.0207
100 ## - MAIN ENTRY--PERSONAL NAME
Personal name Subramanian, S.
Dates associated with a name 1953-
245 ## - TITLE STATEMENT
Title Economic offences :
Remainder of title a compendium of crimes in prose and verse /
Statement of responsibility, etc by S. Subramanian
260 ## - PUBLICATION, DISTRIBUTION, ETC. (IMPRINT)
Place of publication, distribution, etc New Delhi
Name of publisher, distributor, etc Oxford University Press
Date of publication, distribution, etc 2013
270 ## - ADDRESS
Address YMCA Library Building, 1 Jai Singh Road
City New Delhi
Postal code 110001
300 ## - PHYSICAL DESCRIPTION
Extent xxi, 159 p. :
Other physical details ill.
Dimensions 22cm (Hb)
500 ## - GENERAL NOTE
General note Most previously published.
942 ## - ADDED ENTRY ELEMENTS (KOHA)
Source of classification or shelving scheme Dewey Decimal Classification
Item type English Books
Classification part 330.0207
Call number suffix SUB
Holdings
Withdrawn status Lost status Not for loan Collection code Home library Current library Date acquired Source of acquisition Cost, normal purchase price Full call number Barcode Copy number Cost, replacement price Koha item type
    Not For Loan Non-fiction D.B.Act.Division D.B.Act.Division 13/09/2013 DBAD/PUB 495.00 330.0207 SUB EN-92064 1 495.00 English Books

© Delhi Public Library
Hit Counter
free hit counter